| 000 | 00861nam a2200205 a 4500 | ||
|---|---|---|---|
| 001 | BRCA_8956 | ||
| 005 | 20190320210454.0 | ||
| 008 | 050717s1756----sp-#######---#000-0#spa-# | ||
| 041 | _aspa | ||
| 044 | _asp | ||
| 084 |
_aCO78 _b.C63 1756 |
||
| 100 | 1 |
_aCodorniu, Antonio _d1699-1770 _921285 |
|
| 245 | 1 | 0 |
_aPractica de la palabra de Dios en varios sermones panegíricos, con doctrinas correspondientes _hdirigida a los ministros del evangelio y dedicada al apóstol San Pablo _csu autor el Padre Antonio Codorniu de la Compañía de Jesús... |
| 260 |
_aBarcelona _bpor Pablo Nadal impresor en la calle de la Canúda _c1756 |
||
| 300 |
_a[22], 270 p. _c21 x 15 cm. |
||
| 500 | _aEstado físico: presenta encuadernación en pergamino con cintas rotas y lomo semi desprendido | ||
| 650 | 1 | 4 |
_aIglesia católica _xSermones _921286 |
| 902 | _aCFM | ||
| 942 |
_2lcc _cB |
||
| 999 |
_c8607 _d8607 |
||